[Event "XVII Profigaia Open 2017"]
[Site "Gaia"]
[Date "2017.06.15"]
[Round "3"]
[White "De Souza Monteiro, Marcos Paulo"]
[Black "Fernandes, Tiago Joao Carneiro"]
[Result "1-0"]
[WhiteElo "1961"]
[BlackElo "1182"]
[Annotator "NA RC"]
[PlyCount "137"]
[EventDate "2017.??.??"]
[EventType "swiss"]
[EventCountry "POR"]
[SourceTitle "playchess.com"]
[Source "ChessBase"]
[SourceQuality "1"]
[TimeControl "5400+30"]

{[%evp 17,136,0,32767,32767,32767,32767,-44,-52,-57,32767,-60,-79,-70,-61,-77,-108,32767,32767,-57,-73,-59,-50,-19,-18,-20,-9,63,71,76,-13,-22,-21,2,-2,32767,32767,32767,32767,32767,32767,32767,32767,32767,32767,32767,32767,32767,184,298,328,464,478,660,626,664,675,713,790,714,805,860,774,725,780,838,32767,32767,32767,32767,32767,32767,32767,32767,32767,32767,32767,32767,32767,32767,32767,32767,32767,32767,32767,32767,32767,32767,32767,32767,32767,32767,32767,32767,32767,5720,29979,5902,29979,12841,12846,12846,32767,32767,32767,32767,12848,29990,12850,12850,29992,29994,29993,29993,29994,29995,29994,29996,29997,29998,29999,29999]} 1. e4 e5 2. Nf3 {[%emt 0:00:00]} Nc6 {[%emt 0:00:12]} 3. Bb5 {[%emt 0:00:00]} a6 {[%emt 0:00:09]} 4. Bxc6 {[%emt 0:00:00]} dxc6 {[%emt 0:00:10]} 5. Nc3 {[%emt 0:00:03]} Nf6 {[%emt 0:02:41]} 6. O-O {[%emt 0:01:05]} Bg4 {[%emt 0:00:16] C48: Four Knights: 4 Bb5, replies other than 4...Bb4} 7. h3 {[%emt 0:00:17]} Bh5 {[%emt 0:00:08]} 8. Re1 {[%emt 0:03:49]} (8. g4 Nxg4 9. hxg4 Bxg4 10. Kg2 Qf6 11. d3 h5 12. Rh1 h4 13. Rh3 g5 14. Qh1 Rg8 15. Ne1 Bxh3+ 16. Qxh3 g4 17. Qh1 h3+ 18. Kg3 Bc5 19. Be3 Rh8 {0-1 (19) Leveille,F (2360)-Sagalchik,G (2515) Montreal 1995}) 8... Bc5 {[%emt 0:01:23]} 9. d3 {[%emt 0:01:31]} Qd7 $146 {[%emt 0:03:13]} ({Predecessor:} 9... h6 10. g4 Bxg4 11. hxg4 Nxg4 12. Be3 Nxe3 13. fxe3 Qf6 14. Qe2 {1-0 (37) Moncayo Romero,E (2163)-Arosemena,B (1657) Istanbul 2012}) 10. g4 {[%emt 0:05:24]} Nxg4 {[%emt 0:00:59]} 11. Nxe5 {[%emt 0:02:18]} Nxe5 $2 {[%emt 0:02:23]} (11... Bxf2+ $19 12. Kg2 Nxe5 13. Qxh5 Bxe1 14. Qxe5+ Qe6 15. Qxc7 Qg6+ 16. Kh2 Qh5) 12. Qxh5 {[%emt 0:00:12]} Qe6 {[%emt 0:01:48]} 13. Bf4 {[%emt 0:11:36]} Bd4 {[%emt 0:01:45]} 14. Bxe5 {[%emt 0:00:24]} Bxe5 {[%emt 0:00:14]} 15. Qf5 {[%emt 0:00:17]} Qd6 {[%emt 0:01:47]} (15... O-O-O $5) 16. Kg2 {[%emt 0:14:15]} ({Better is} 16. Ne2 $15) 16... g6 {[%emt 0:01:03]} 17. Qg5 {[%emt 0:04:04]} h6 {[%emt 0:03:41]} 18. Qg4 {[%emt 0:01:12]} h5 {[%emt 0:00:34]} 19. Qg5 {[%emt 0:00:20]} Bf6 {[%emt 0:01:18]} 20. e5 {[%emt 0:03:31]} Bxg5 {[%emt 0:04:44]} 21. exd6+ {[%emt 0:00:09]} Kd7 {[%emt 0:00:37]} ({Black should try} 21... Kd8 $11) 22. Ne4 {[%emt 0:04:05]} Bh6 {[%emt 0:02:12]} 23. dxc7 {[%emt 0:02:06]} (23. Nc5+ $16 Kxd6 24. Nxb7+ Kd7 25. Nc5+ Kd6 26. Ne4+ Ke7 27. Kf3) 23... Kxc7 {[%emt 0:03:07]} 24. h4 {[%emt 0:01:05]} Bg7 {[%emt 0:02:04]} 25. c3 {[%emt 0:00:18]} a5 {[%emt 0:00:34]} 26. Ng5 {[%emt 0:00:24]} f6 {[%emt 0:00:39]} 27. Re7+ {[%emt 0:00:09]} Kb6 {[%emt 0:00:38]} 28. Rxg7 {[%emt 0:00:09]} fxg5 {[%emt 0:00:47]} 29. hxg5 {[%emt 0:01:32]} h4 {[%emt 0:02:21]} 30. Rxg6 {[%emt 0:01:18]} Rad8 {[%emt 0:01:04]} 31. d4 {[%emt 0:02:27]} Rde8 {[%emt 0:00:44]} 32. Kf3 {[%emt 0:04:36]} (32. Rf6 $142) 32... h3 {[%emt 0:01:11]} (32... Rhf8+ $142 33. Rf6 Rxf6+ 34. gxf6 Rf8) 33. Rh1 {[%emt 0:00:52]} h2 {[%emt 0:10:58]} (33... Rhf8+ {keeps fighting.} 34. Kg3 Re2) 34. Rh6 {[%emt 0:01:33]} Ref8+ {[%emt 0:00:30]} 35. Kg3 {[%emt 0:01:53]} Rhg8 {[%emt 0:01:14]} 36. f4 {[%emt 0:01:33]} Re8 {[%emt 0:01:21]} 37. R1xh2 {[%emt 0:00:16]} Re3+ {[%emt 0:00:14]} 38. Kg4 {[%emt 0:00:38]} Re1 {[%emt 0:03:03]} 39. R6h3 {[%emt 0:04:13]} Rf8 {[%emt 0:00:27]} 40. g6 {[%emt 0:00:45]} Rg8 {[%emt 0:00:42]} 41. f5 {[%emt 0:00:29]} Re4+ {[%emt 0:00:28]} 42. Kg5 {[%emt 0:00:37]} Re1 {[%emt 0:00:15]} 43. Rh4 {[%emt 0:01:05]} Kc7 {[%emt 0:00:39]} 44. f6 {[%emt 0:00:14]} Rg1+ {[%emt 0:01:09]} 45. Rg4 {[%emt 0:01:11]} Rxg4+ {[%emt 0:00:28]} 46. Kxg4 {[%emt 0:00:06]} Rxg6+ {[%emt 0:00:18]} 47. Kf5 {[%emt 0:00:07]} Rg1 {[%emt 0:02:43]} 48. f7 {[%emt 0:02:43]} Rf1+ {[%emt 0:00:25]} 49. Kg6 {[%emt 0:00:05]} Rg1+ {[%emt 0:00:31]} 50. Kh7 {[%emt 0:00:10]} Rf1 {[%emt 0:00:42]} 51. Kg8 {[%emt 0:00:07]} Rg1+ {[%emt 0:00:24]} 52. Kh8 {[%emt 0:00:11]} Rf1 {[%emt 0:00:10]} 53. Rh7 {[%emt 0:00:14]} Kd6 {[%emt 0:02:08]} 54. Kg8 {[%emt 0:00:29]} Rg1+ {[%emt 0:01:04]} 55. Rg7 {[%emt 0:00:20]} Rf1 {[%emt 0:01:25]} 56. f8=Q+ {[%emt 0:00:15]} Rxf8+ {[%emt 0:00:29]} 57. Kxf8 {[%emt 0:00:09]} b5 {[%emt 0:01:26]} 58. Rg5 {[%emt 0:00:07]} Ke6 {[%emt 0:00:24]} 59. Re5+ {[%emt 0:00:12]} Kd6 {[%emt 0:00:22]} 60. Kf7 {[%emt 0:00:07]} b4 {[%emt 0:04:08]} 61. Rxa5 {[%emt 0:00:07]} bxc3 {[%emt 0:00:20]} 62. bxc3 {[%emt 0:00:07]} c5 {[%emt 0:00:31]} 63. Rxc5 {[%emt 0:00:13]} Kd7 {[%emt 0:00:07]} 64. Rd5+ {[%emt 0:00:11]} Kc6 {[%emt 0:00:20]} 65. Ke6 {[%emt 0:00:08]} Kc7 {[%emt 0:00:03]} 66. Rd6 {[%emt 0:00:09]} Kb7 {[%emt 0:00:36]} 67. Kd7 {[%emt 0:00:08]} Ka7 {[%emt 0:00:47]} 68. Kc7 {[%emt 0:00:15]} Ka8 {[%emt 0:00:09]} 69. Ra6# {[%emt 0:00:07]} 1-0

[Event "XVII Profigaia Open 2017"]
[Site "Gaia"]
[Date "2017.06.15"]
[Round "3"]
[White "De Sousa Da Silva, Armando"]
[Black "Silva, Pedro Gil Ferreira "]
[Result "1-0"]
[WhiteElo "1926"]
[BlackElo "1592"]
[Annotator "NA RC"]
[PlyCount "95"]
[EventDate "2017.??.??"]
[EventType "swiss"]
[EventCountry "POR"]
[SourceTitle "playchess.com"]
[Source "ChessBase"]
[SourceQuality "1"]
[TimeControl "5400+30"]

{[%evp 10,95,57,45,60,46,60,40,37,47,44,32767,53,46,43,25,36,49,110,106,32767,167,32767,213,207,149,158,125,169,32767,32767,32767,32767,32767,32767,32767,150,240,283,306,322,297,345,306,286,302,330,293,311,322,360,401,545,433,620,415,434,430,518,518,563,440,566,414,550,719,576,855,606,606,565,566,697,551,575,579,1611,2183,2122,2143,2723,5464,2394,29978,1712,29984,29989,29989]} 1. c4 {[%emt 0:00:00]} e5 {[%emt 0:01:46]} 2. Nc3 {[%emt 0:00:00]} Nf6 {[%emt 0:00:44]} 3. Nf3 {[%emt 0:00:11]} Nc6 {[%emt 0:10:11]} 4. e3 {[%emt 0:01:07]} d6 {[%emt 0:02:47]} 5. d4 {[%emt 0:06:16]} Bg4 {[%emt 0:10:02]} 6. d5 {[%emt 0:07:02] LiveBook: 7 Games} Nb8 {[%emt 0:01:16] A28: English Opening: Four Knights Variation} 7. e4 {[%emt 0:02:10]} (7. Be2 Be7 8. Qb3 Qc8 9. h3 Bh5 10. e4 O-O 11. Be3 Nbd7 12. g4 Bg6 13. Nd2 c6 14. h4 {0-1 (43) Vaisser,A (2573)-Zarnicki,P (2513) playchess.com INT 2004}) 7... Nbd7 {[%emt 0:00:24]} 8. Bd3 {[%emt 0:04:20]} Nc5 {[%emt 0:05:31]} 9. Bc2 {[%emt 0:06:19]} a5 {[%emt 0:00:31]} 10. Be3 {[%emt 0:01:03]} Nfd7 {[%emt 0:04:43]} 11. h3 {[%emt 0:00:36]} Bh5 {[%emt 0:01:28]} 12. g4 {[%emt 0:06:22]} Bg6 {[%emt 0:01:37]} 13. Qe2 $146 {[%emt 0:03:54]} ({Predecessor:} 13. h4 h6 14. Qe2 {1-0 (67) Bernal Moro,L (2435)-Sanchez Dengra,B (1869) La Massana 2015}) 13... Na6 {[%emt 0:05:05]} 14. Ba4 {[%emt 0:02:36]} h6 {[%emt 0:04:56]} 15. c5 {[%emt 0:06:56]} Rb8 {[%emt 0:10:38]} 16. a3 {[%emt 0:08:21]} Be7 {[%emt 0:01:48]} 17. Qb5 {[%emt 0:00:07]} Qc8 {[%emt 0:07:17]} 18. O-O-O {[%emt 0:03:15]} ({Stronger than} 18. Qxa5 c6 $15) 18... b6 {[%emt 0:06:01]} 19. cxb6 {[%emt 0:15:22]} cxb6 {[%emt 0:00:12]} 20. Nd2 {[%emt 0:04:04]} Bd8 {[%emt 0:03:00]} 21. Kb1 {[%emt 0:00:58]} Ke7 {[%emt 0:01:40]} 22. Rc1 {[%emt 0:01:32]} Qb7 {[%emt 0:02:23]} 23. Qe2 {[%emt 0:01:50]} Nac5 {[%emt 0:00:25]} 24. Bc6 {[%emt 0:00:37]} Qa6 {[%emt 0:04:18]} 25. Bb5 {[%emt 0:00:05]} Qa7 {[%emt 0:00:09]} 26. h4 {[%emt 0:03:26]} Nf6 {[%emt 0:07:59]} 27. f3 {[%emt 0:00:27]} Kf8 {[%emt 0:00:24]} 28. Ka2 {[%emt 0:01:39]} Qe7 {[%emt 0:01:00]} 29. h5 {[%emt 0:00:33]} Bh7 {[%emt 0:01:31]} 30. Bc6 {[%emt 0:03:18]} Nfd7 {[%emt 0:00:56]} 31. Nb5 {[%emt 0:00:31]} Qf6 {[%emt 0:00:54]} (31... a4 $142 32. Nc4 Nb3) 32. g5 {[%emt 0:01:16]} hxg5 {[%emt 0:00:13]} 33. Rcg1 {[%emt 0:00:27]} Qh6 {[%emt 0:00:09]} 34. Nc4 {[%emt 0:00:48]} Be7 {[%emt 0:00:36]} 35. Qg2 {[%emt 0:02:01]} f6 {[%emt 0:01:40]} 36. Qg4 {[%emt 0:01:25]} Rd8 {[%emt 0:01:18]} 37. Nbxd6 {[%emt 0:02:00]} Bxd6 {[%emt 0:00:09]} 38. Nxd6 {[%emt 0:00:15]} Nb8 {[%emt 0:00:24]} 39. Bxc5 {[%emt 0:02:17]} bxc5 {[%emt 0:00:07]} 40. Nb7 {[%emt 0:00:49]} ({Inferior is} 40. Qe6 Bg8 $11) 40... Nxc6 {[%emt 0:01:10]} 41. dxc6 {[%emt 0:00:18]} Re8 {[%emt 0:00:26]} 42. c7 {[%emt 0:02:01]} Bg8+ {[%emt 0:00:07]} 43. Ka1 {[%emt 0:00:21]} Be6 {[%emt 0:00:07] [#]} 44. Qxe6 $1 {[%emt 0:00:22]} Rxe6 {[%emt 0:00:50]} 45. c8=Q+ {[%emt 0:00:09]} Re8 {[%emt 0:00:33]} 46. Qxc5+ {[%emt 0:00:30]} Kg8 {[%emt 0:00:51]} 47. Nd6 {[%emt 0:00:48]} Re7 {[%emt 0:00:31]} 48. Nf5 {[%emt 0:00:29]} 1-0

[Event "XVII Profigaia Open 2017"]
[Site "Gaia"]
[Date "2017.06.15"]
[Round "3"]
[White "Duarte, Duarte"]
[Black "Padeiro, Jose"]
[Result "0-1"]
[WhiteElo "1916"]
[BlackElo "2271"]
[Annotator "TA"]
[PlyCount "132"]
[EventDate "2017.??.??"]
[EventType "swiss"]
[EventCountry "POR"]
[SourceTitle "playchess.com"]
[Source "ChessBase"]
[SourceQuality "1"]

{[%evp 11,132,13,7,4,13,11,27,29,35,22,16,-11,41,28,45,11,19,18,20,23,20,0,0,0,6,6,9,0,4,0,0,0,0,0,24,0,0,-20,-18,-20,-21,-36,-41,-44,-18,-29,-4,-5,-5,-5,-5,-5,-5,-2,-2,-50,0,0,0,0,0,0,0,0,0,0,0,0,0,-32,-35,-36,-31,-31,-31,-31,-32,-31,-37,-39,-41,-61,-43,-37,-39,-39,-45,-70,-68,-128,-120,-130,-120,-119,-129,-208,-177,-275,-186,-270,-262,-312,-279,-325,-302,-277,-260,-393,-284,-454,-451,-499,-427,-520,-520,-507,-491,-471,-458,-653,-570,-535,-522]} 1. d4 e6 2. c4 f5 3. Nc3 Nf6 4. Nf3 Bb4 5. Bd2 O-O 6. e3 b6 7. Be2 {A85: Dutch Defence: 2 c4 Nf6 3 Nc3} Bb7 (7... Bxc3 $5 8. Bxc3 Ne4 $14) 8. O-O Bxc3 (8... d6 9. d5 Bxc3 10. Bxc3 Ne4 11. Be1 {½-½ (11) Laxman,R (2431)-Gleizerov,E (2566) Visakhapatnam 2011}) 9. Bxc3 {White has an edge.} Ne4 10. Rc1 d6 11. Nd2 (11. c5 $5) 11... Nxd2 ({Better is} 11... Nxc3 $11 12. Rxc3 Nd7) 12. Bxd2 $14 Nd7 13. Bf3 (13. b4 {is more complex.} Qe7 14. Bc3 c5 15. a3 Rad8 16. Qd2) 13... Bxf3 $146 ({Predecessor:} 13... Be4 14. Bxe4 fxe4 15. f4 exf3 16. Rxf3 Qh4 17. Be1 Qe4 18. Qc2 Qc6 19. Rxf8+ Rxf8 {½-½ (39) Fitzke,U (2003)-Skorna,U (2101) Dresden 2010}) 14. Qxf3 Nf6 15. Qe2 Qe7 16. f3 e5 17. dxe5 Qxe5 18. Bc3 Qe7 19. Qd3 Nd7 20. Rfe1 Nc5 21. Qd5+ Qf7 22. Rcd1 Rae8 23. b3 a5 24. Qxf7+ Rxf7 25. Bd4 Rfe7 26. Bxc5 bxc5 $11 {[%mdl 4096] Endgame KRR-KRR} 27. Kf2 Rb8 28. Rd3 Ree8 29. e4 fxe4 30. Rxe4 Rxe4 31. fxe4 {KR-KR} Re8 32. Ke3 Kf7 33. Rd2 Re6 34. Rf2+ Ke7 35. g3 Ke8 36. Rf1 Re7 37. Rf2 c6 38. Kd3 a4 39. bxa4 Ra7 40. a3 Rxa4 41. Ra2 Kd7 42. Kc3 Ke6 43. Kb3 Ra7 44. a4 Ke5 45. Re2 Rb7+ 46. Kc3 Rb4 47. Ra2 $1 Kxe4 48. a5 {next a6 is good for White.} Rb7 49. a6 Ra7 $1 50. Re2+ (50. Kb3 $15) 50... Kf5 $17 51. Ra2 Ke6 52. Kd3 Kd7 53. Rf2 (53. Ke4 $17 {might work better.}) 53... Kc7 54. Kc3 (54. Ke4 $142) 54... Kb6 ({Less strong is} 54... Rxa6 55. Rf7+ Kb6 56. Rxg7 $17) 55. Rd2 {[#]} (55. Rf8 $142) 55... Rd7 $1 $19 ({Not} 55... Rxa6 56. Rxd6 Ra3+ 57. Kb2 $17) 56. Ra2 d5 {[%cal Bd6d5,Bd5d4][%mdl 32]} 57. Kd3 Ra7 58. Rb2+ Kxa6 59. Rb8 (59. cxd5 {was called for.} cxd5 60. Rb8) 59... Rb7 60. Rd8 (60. Rc8 {is a better defense.} Kb6 61. Ra8) 60... d4 {Black is clearly winning.} 61. Rc8 Kb6 62. g4 Re7 63. Rb8+ Kc7 64. Ra8 g6 65. g5 (65. h4 $142 Re3+ 66. Kd2) 65... Re3+ 66. Kd2 Rh3 {Precision: White = 39%, Black = 66%.} 0-1

[Event "XVII Profigaia Open 2017"]
[Site "Gaia"]
[Date "2017.06.15"]
[Round "3"]
[White "Moura, Paulo Jorge Alves B"]
[Black "Moreira, Rafael Mota"]
[Result "1/2-1/2"]
[WhiteElo "1913"]
[BlackElo "1478"]
[Annotator "NA RC"]
[PlyCount "76"]
[EventDate "2017.??.??"]
[EventType "swiss"]
[EventCountry "POR"]
[SourceTitle "playchess.com"]
[Source "ChessBase"]
[SourceQuality "1"]
[TimeControl "5400+30"]

{[%evp 9,76,41,32767,32767,32767,32767,32767,32767,32767,8,8,0,0,-32,-15,-32,-26,-31,-23,-18,-23,-36,8,0,18,19,13,0,0,32767,0,-7,0,-2,0,-33,0,0,9,3,14,0,2,0,32,15,19,10,9,12,54,63,66,32767,51,-80,32767,32767,32767,-34,-23,-235,32767,32767,32767,32767,-106,-166,0]} 1. Nf3 {[%emt 0:00:47]} Nf6 {[%emt 0:00:54]} 2. e3 {[%emt 0:00:40]} Nc6 {[%emt 0:00:52]} 3. c4 {[%emt 0:00:34]} d5 {[%emt 0:01:35]} 4. Nc3 {[%emt 0:00:48]} Bf5 {[%emt 0:03:31]} 5. cxd5 {[%emt 0:02:10]} Nxd5 {[%emt 0:00:30]} 6. Nxd5 {[%emt 0:01:30]} Qxd5 {[%emt 0:00:24]} 7. a3 {[%emt 0:01:19]} Bg4 {[%emt 0:01:53]} 8. Be2 {[%emt 0:00:56]} e6 {[%emt 0:02:02]} 9. O-O {[%emt 0:00:40]} Bd6 {[%emt 0:01:30]} 10. d4 {[%emt 0:03:28]} (10. h3 $5 {[%cal Rh3g4]} Bh5 11. d3 $11) 10... Qh5 {[%emt 0:02:10]} 11. g3 {[%emt 0:03:52]} e5 {[%emt 0:03:26]} 12. Re1 {[%emt 0:02:21]} exd4 {[%emt 0:02:26]} 13. Nxd4 {[%emt 0:02:32]} Bxe2 {[%emt 0:01:02]} 14. Qxe2 {[%emt 0:02:02]} Qxe2 {[%emt 0:00:15]} 15. Nxe2 {[%emt 0:01:19]} O-O {[%emt 0:00:55]} 16. b4 {[%emt 0:01:27]} Be5 {[%emt 0:02:38]} 17. Rb1 {[%emt 0:01:49]} Rfd8 {[%emt 0:02:37]} 18. f4 {[%emt 0:02:05]} Bf6 {[%emt 0:00:53]} 19. Bb2 {[%emt 0:02:32]} Bxb2 {[%emt 0:00:45]} 20. Rxb2 {[%emt 0:00:15]} Rd3 {[%emt 0:00:41]} 21. b5 {[%emt 0:02:42]} Ne7 {[%emt 0:03:41]} 22. Rc2 {[%emt 0:01:52]} Rc8 {[%emt 0:02:31]} 23. Rc3 {[%emt 0:01:03]} Rxc3 {[%emt 0:00:50]} 24. Nxc3 {[%emt 0:00:27]} Rd8 {[%emt 0:00:41]} 25. Rd1 {[%emt 0:02:00]} Rxd1+ {[%emt 0:00:19]} 26. Nxd1 {[%emt 0:00:47]} Nd5 {[%emt 0:00:12]} 27. e4 {[%emt 0:01:54]} Nb6 {[%emt 0:00:41]} 28. Nc3 {[%emt 0:00:27]} Nc4 {[%emt 0:01:08]} 29. a4 {[%emt 0:00:49]} Nb6 {[%emt 0:00:29]} 30. Kf2 {[%emt 0:00:27]} Kf8 {[%emt 0:01:00]} 31. e5 {[%emt 0:02:15]} Ke7 {[%emt 0:01:44]} 32. f5 {[%emt 0:03:34]} (32. Ke3 $14 {keeps the upper hand.}) 32... Nc4 {[%emt 0:04:48]} 33. Nd5+ {[%emt 0:03:35]} Kd7 {[%emt 0:01:38]} 34. e6+ $1 {[%emt 0:00:33]} fxe6 {[%emt 0:00:09]} 35. fxe6+ $2 {[%emt 0:00:26]} (35. f6 $1 $11 gxf6 36. Nxf6+ Ke7 37. Nxh7) 35... Kxe6 {[%emt 0:00:11]} 36. Nxc7+ {[%emt 0:00:44]} Kd7 {[%emt 0:00:13]} 37. Nd5 {[%emt 0:00:56] [#]} Nb2 {[%emt 0:04:09]} (37... Kd6 $1 $19 {[%cal Rd6d5]} 38. Nf4 Kc5) 38. Nc3 {[%emt 0:00:58]} (38. Ke3 $17) 38... Nd3+ $11 {[%emt 0:01:41]} (38... Kd6 $17 39. Ke3 Kc5) 1/2-1/2

[Event "XVII Profigaia Open 2017"]
[Site "Gaia"]
[Date "2017.06.15"]
[Round "3"]
[White "Sousa, Hugo Carneiro"]
[Black "Pintor, Simao Maciel Abranc"]
[Result "1-0"]
[WhiteElo "1877"]
[BlackElo "2022"]
[Annotator "NA RC"]
[PlyCount "143"]
[EventDate "2017.??.??"]
[EventType "swiss"]
[EventCountry "POR"]
[SourceTitle "playchess.com"]
[Source "ChessBase"]
[SourceQuality "1"]
[TimeControl "5400+30"]

{[%evp 19,143,17,32767,32767,32767,-31,32767,-29,6,-14,32767,-16,-15,-14,32767,0,75,-14,-16,-15,-1,-27,-16,32767,32767,-65,-28,-24,-12,-47,-27,-54,0,-20,32767,-14,0,-29,0,-8,0,0,2,0,0,-16,-9,0,-8,0,-4,-25,0,0,32767,32767,32767,32767,32767,32767,32767,32767,32767,32767,32767,32767,32767,32767,32767,32767,32767,10,17,0,60,20,20,35,208,163,237,274,179,28,43,27,24,35,35,0,430,723,623,1035,1342,1437,786,12837,1169,11334,5489,29966,5520,12844,5401,5057,6112,11755,12847,12237,12848,8457,5204,29982,29980,29983,12851,29985,29985,32767,32767,32767,32767,32767,29987,29988]} 1. e4 {[%emt 0:00:00]} c5 {[%emt 0:00:07]} 2. Nc3 {[%emt 0:00:00]} Nc6 {[%emt 0:00:04]} 3. f4 {[%emt 0:00:00]} g6 {[%emt 0:00:06]} 4. Nf3 {[%emt 0:00:00]} Bg7 {[%emt 0:00:05]} 5. Bb5 {[%emt 0:00:00]} Nd4 {[%emt 0:00:05]} 6. O-O {[%emt 0:00:00]} Nxb5 {[%emt 0:00:04]} 7. Nxb5 {[%emt 0:00:03]} d5 {[%emt 0:00:09]} 8. e5 {[%emt 0:00:05]} Nh6 {[%emt 0:02:11] B23: Closed Sicilian: Lines without g3} (8... a6 9. Nc3 e6 10. d4 cxd4 11. Ne2 Ne7 12. Nexd4 O-O 13. Be3 f6 14. Qd2 Qc7 15. Rae1 fxe5 16. Nxe5 Nf5 17. Nxf5 Rxf5 {1-0 (27) Slipak,S (2456)-Quintiliano Pinto,R (2443) Buenos Aires 2016}) 9. d4 {[%emt 0:01:15]} cxd4 {[%emt 0:02:48]} 10. Qxd4 {[%emt 0:04:28]} O-O {[%emt 0:00:55]} 11. Nc3 {[%emt 0:01:31]} e6 {[%emt 0:02:56]} 12. Nd1 $146 {[%emt 0:06:04]} ({Predecessor:} 12. b3 Bd7 13. Bb2 Nf5 {½-½ (13) Zilberman,P (2191)-Schmall,J (2350) Germany 2005}) 12... Nf5 {[%emt 0:00:44]} 13. Qd3 {[%emt 0:00:23]} Qb6+ {[%emt 0:03:23]} 14. Be3 {[%emt 0:06:47]} Nxe3 {[%emt 0:01:27]} 15. Qxe3 {[%emt 0:04:14]} Qxe3+ 16. Nxe3 f6 {[%emt 0:03:54]} 17. c3 {[%emt 0:02:35]} b6 {[%emt 0:01:01]} (17... fxe5 $1 $11 18. Nxe5 b6) 18. Nc2 {[%emt 0:02:51]} (18. exf6 $14 Bxf6 19. Rad1) 18... fxe5 {[%emt 0:02:22]} 19. fxe5 {[%emt 0:00:19]} Ba6 {[%emt 0:03:59]} 20. Rf2 {[%emt 0:01:06]} Rae8 {[%emt 0:02:47]} 21. Ncd4 {[%emt 0:01:29]} Bh6 {[%emt 0:01:39]} 22. Re1 {[%emt 0:01:34]} Bd3 {[%emt 0:00:30]} 23. a3 {[%emt 0:10:18]} Be4 {[%emt 0:01:04]} 24. Ree2 {[%emt 0:02:22]} a6 {[%emt 0:08:08]} 25. Re1 {[%emt 0:01:25]} b5 {[%emt 0:00:18]} 26. Ree2 {[%emt 0:01:07]} Rf7 {[%emt 0:00:39]} 27. Re1 {[%emt 0:11:10]} Bd3 {[%emt 0:07:53]} 28. Kh1 {[%emt 0:01:16]} (28. Rd1 $5 {[%cal Rd1d3]} Be4 29. Re2 $15) 28... g5 {[%emt 0:02:44]} 29. g4 {[%emt 0:04:32]} Rf4 {[%emt 0:02:21]} 30. h3 {[%emt 0:00:28]} Ref8 {[%emt 0:03:34]} 31. Kg2 {[%emt 0:03:57]} Be4 {[%emt 0:01:23]} 32. Kg3 {[%emt 0:01:40]} (32. Re3 $5 {[%cal Rd4e6]}) 32... Bg7 {[%emt 0:00:59]} 33. Ref1 {[%emt 0:01:05]} Bxf3 {[%emt 0:05:09]} 34. Nxf3 {[%emt 0:00:34]} h6 {[%emt 0:00:29]} 35. Re1 {[%emt 0:02:06]} Re4 {[%emt 0:00:48]} 36. Rfe2 {[%emt 0:01:01]} Rff4 {[%emt 0:00:49]} 37. Kg2 {[%emt 0:00:53]} a5 {[%emt 0:01:38]} 38. Rxe4 {[%emt 0:01:46]} dxe4 {[%emt 0:00:43]} 39. Nd2 {[%emt 0:00:17]} Bxe5 {[%emt 0:00:21]} 40. Rxe4 {[%emt 0:00:08]} Rxe4 {[%emt 0:00:18]} 41. Nxe4 {[%emt 0:00:06]} Bf4 {[%emt 0:01:43]} 42. b3 {[%emt 0:01:12]} Kf7 {[%emt 0:02:30]} 43. Kf3 {[%emt 0:01:39]} Ke7 {[%emt 0:00:33]} 44. Ke2 {[%emt 0:02:08]} a4 {[%emt 0:02:49]} 45. bxa4 {[%emt 0:01:42]} bxa4 {[%emt 0:00:02]} 46. Kd3 {[%emt 0:01:27]} Bd6 {[%emt 0:07:33]} ({Black should try} 46... Kd7 $11) 47. Kc4 {[%emt 0:00:42]} Bxa3 {[%emt 0:00:32]} 48. Kb5 {[%emt 0:00:10]} e5 $2 {[%emt 0:01:38]} (48... Kd7 $14) 49. Kxa4 {[%emt 0:00:26]} Bb2 {[%emt 0:00:31]} 50. c4 {[%emt 0:00:11]} Bd4 {[%emt 0:00:26] [#]} 51. Kb5 $2 {[%emt 0:00:35]} (51. Kb3 $1 $18) 51... Kd7 {[%emt 0:00:50] [#]} 52. c5 {[%emt 0:01:52]} (52. Kb4 $1 $16) 52... Kc7 {[%emt 0:00:20]} 53. c6 {[%emt 0:01:11]} Ba7 {[%emt 0:03:50]} 54. Nf6 {[%emt 0:08:47]} Kc8 $2 {[%emt 0:04:51] [#]} (54... Bg1 $11) 55. Kc4 $1 {[%emt 0:00:26]} Bg1 {[%emt 0:04:44]} 56. Kd5 {[%emt 0:00:56]} Kc7 {[%emt 0:01:24]} 57. Ne8+ {[%emt 0:01:26]} Kd8 {[%emt 0:00:05]} 58. Nd6 {[%emt 0:00:10]} Kc7 {[%emt 0:02:58]} 59. Nb5+ {[%emt 0:00:17]} Kb6 {[%emt 0:00:36]} 60. c7 {[%emt 0:00:06]} Kb7 {[%emt 0:00:04]} 61. Kxe5 {[%emt 0:00:11]} Bh2+ {[%emt 0:04:46]} 62. Kf5 {[%emt 0:00:16]} Kc8 {[%emt 0:00:23]} 63. Kg6 {[%emt 0:00:10]} Kd7 {[%emt 0:01:27]} 64. Kxh6 {[%emt 0:00:09]} Bf4 {[%emt 0:00:04]} 65. Kh5 {[%emt 0:00:24]} Kc8 {[%emt 0:00:26]} 66. h4 {[%emt 0:00:14]} gxh4 {[%emt 0:00:06]} 67. Kxh4 {[%emt 0:00:04]} Bxc7 {[%emt 0:00:59]} 68. Nxc7 {[%emt 0:00:06]} Kxc7 {[%emt 0:00:02]} 69. Kh5 {[%emt 0:00:15]} Kd7 {[%emt 0:00:05]} 70. Kh6 {[%emt 0:00:07]} Ke7 {[%emt 0:00:06]} 71. g5 {[%emt 0:00:06]} Kf7 {[%emt 0:00:11]} 72. Kh7 {[%emt 0:00:06]} 1-0